Zgadnij wykonawce (rap) - Statystyki

Ogólne statystyki
  • Ten quiz został rozwiązany 110 razy
  • Średni wynik to 4 z 15
Statystyki odpowiedzi
Hint Odpowiedź % Poprawnych
STRZAŁ Alberto
55%
Fresh Prince (trill 4ever) Bedoes
55%
Nero Mata
55%
XO Chivas
54%
Evviva l'arte Avi
36%
Lombard dusz Białas White 2115
35%
Moi ludzie Bedoes
33%
Podzielony OIO
25%
Trapsos Białas
23%
Ona Ma Clout To Cipushka Z TikToka Salvador
22%
Palo Santo Opał
21%
Szary Blokk Janusz Walczuk
13%
Raz lepiej raz gorzej Kukon
10%
Polski Chav Moli
8%
Echo Kali
4%
Nie znaleziono quizów pasujących do podanych kryteriów
Rozkład punktacji
Procent ludzi z każdym wynikiem
Percentyl według liczby udzielonych odpowiedzi
Twoja historia wyników
Nie rozwiązałeś tego quizu